000 00607nam a2200193Ia 4500
003 GCL
008 140319s9999 xx 000 0 ara d
040 _aGCL /
_cGCL
082 0 4 _a688.7224
_bهـ
245 1 0 _aالدمى المتحركة
260 _aالقاهرة :
_bدار ومكتبة الهلال للطباعة والنشر ،
_c1998
300 _a193 ص ؛
_c24 سم
490 _aسلسلة تعلم من دون معلم
_v0
650 0 4 _aمسرح العرائس
650 0 4 _aلعب الاطفال
650 0 4 _aالدمى - اثاث
650 0 4 _aالدمى - ملابس
942 _2ddc
_cBK
999 _c6420
_d6420